000 00605nam a2200229Ia 4500
005 20260429111958.0
008 260429s9999||||xx |||||||||||||| ||und||
020 _a9789811283550
041 _aEnglish
082 _a630.951
_bLI
100 _aLi, Bo
245 0 _aTheories and modes of climate-smart agriculture /
_cBo Li
260 _aSingapore :
_bWorld Scientific Publishing,
_c2024.
300 _axvii, 322 p.; hb
650 _a Climate
650 _aAgriculture
700 _a Chen, Fu
700 _a Wang, Quanhui
700 _a Yin, Xiaogang
700 _a Zhang, Wejin
942 _cTB
999 _c51723
_d51723